LDR 00770nam a2200205 i 4500 001 000000131552 003 CaOOAMICUS 005 20260605125618.0 008 041119s2004 it u000 u ita u 020 $a88-06-15297-1 040 $aSeMil$bita 245 13$aIl Medioevo al passato e al presente. 300 $aXL, [32] p. di tav., 924 p. 773 0 $tArti e storia nel Medioevo.$dTorino : Giulio Einaudi, 2002-2003.$gVolume4$w()11196 850 $aSeMil 852 $aSeMil$W1$xVenegono$y1$m3T III 130/4$j272984$B85529$CSeMilBibl$Z2$F89263 $81 961 $aSottoscrizione: Einaudi (Agente) 996 $6020$a88-06-15297-1$9(OLS)http://semarc/number/118511 996 $6245$aIl Medioevo al passato e al presente$9(OLS)http://semarc/title/193439